Score 0/15 Timer 04:00
0 Plays Today
Location Landmark % Correct
PanamaPanama Canal
78.4%
Paris, FranceEiffel Tower
77.1%
California, USAGolden Gate Bridge
60.8%
Nevada/Arizona, USAHoover Dam
56%
Chicago, USASears Tower
50.2%
Rome, ItalyColosseum
43.8%
England and FranceChannel Tunnel
42.4%
Toronto, CanadaCN Tower
41.2%
Location Landmark % Correct
New York, USABrooklyn Bridge
36.4%
St. Louis, USAGateway Arch
30%
EgyptSuez Canal
26.6%
Sydney, AustraliaSydney Harbour Bridge
25.4%
EnglandHumber Bridge
5.6%
RussiaTrans Siberian Railroad
3.1%
North and South AmericaPan America Highway
1.9%
Come Together.
Have Fun.
All Virtual.
We all need to come together. Play Sporcle's virtual live trivia to have fun, connect with people, and get your trivia on. Join a live hosted trivia game for your favorite pub trivia experience done virtually. If a virtual private party is more your thing, go here for details.

You're not logged in!

Compare scores with friends on all Sporcle quizzes.
OR
Log In

Sporcle TV

Today on Sporcle TV


Watch our educational content, quiz creation guides, and fun videos on Sporcle TV.

Show Comments

Extras

Top Quizzes Today


Score Distribution

Paid Content

Your Account Isn't Verified!

In order to create a playlist on Sporcle, you need to verify the email address you used during registration. Go to your Sporcle Settings to finish the process.

Report this User

Report this user for behavior that violates our Community Guidelines.

Details: